000 00359nam a2200145Ia 4500
005 20251222152635.0
008 251222s9999||||xx |||||||||||||| ||spa||
020 _a9682477794
082 _a465/O73
100 _aOrtiz Dueñas, Teodoro
245 0 _aGramática Estructural, Ortografía, Redacción
250 _a2da.ed.
264 _bTrillas
942 _cLIB
999 _c27882
_d27882